Statystyki dla Wszystkie mapy w Valorant

Kliknij tutaj aby rozwiązać quiz!

Ogólne statystyki

  • Ten quiz został rozwiązany 1 400 razy
    (162 od ostatniego zresetowania)
  • Średni wynik to 8 z 10

Statystyki odpowiedzi

Mapy% Poprawnych
Icebox
91%
Ascent
90%
Bind
90%
Breeze
89%
Lotus
87%
Split
83%
Pearl
80%
Fracture
77%
Haven
77%
Sunset
72%

Rozkład punktacji

Percentyl według liczby udzielonych odpowiedzi

Procent ludzi z każdym wynikiem

Twoja historia wyników

Nie rozwiązałeś tego quizu od ostatniego zresetowania